Multivariable Calculus

Αποθηκεύτηκε σε:
Λεπτομέρειες βιβλιογραφικής εγγραφής
Κύριος συγγραφέας: Corwin, Lawrence J. 1943-
Άλλοι συγγραφείς: Szczarba, Robert Henry 1932-
Μορφή: Βιβλίο
Γλώσσα:English
Δημοσίευση: New York : M. Dekker, c1982
Σειρά:Monographs and textbooks in pure and applied mathematics ; ; 64
Θέματα:
Ετικέτες: Προσθήκη ετικέτας
Δεν υπάρχουν, Καταχωρήστε ετικέτα πρώτοι!

MARC

LEADER 00000cam a2200000 i 4500
001 1/52275
008 941103s1982 eng d
020 |a 0824769627 
035 |l 10044380 
035 |a 1993 
040 |a GR-MY-UA  |b gre  |e aacr 
041 0 |a eng 
082 0 |a 515.  |2 (19) 
100 1 |a Corwin, Lawrence J.  |d 1943- 
245 1 0 |a Multivariable Calculus /  |c Lawrence J. Corwin, Robert H. Szczarba 
260 |a New York :   |b M. Dekker,   |c c1982 
300 |a xi, 524 p.;  |b ill.;  |c 24 cm 
490 1 |a Monographs and textbooks in pure and applied mathematics  |v ; 64 
504 |a Includes index 
650 0 0 |a Calculus. 
700 1 |a Szczarba, Robert Henry  |d 1932- 
830 0 |a Monographs and textbooks in pure and applied mathematics ;  |v ; 64 
852 |a INST  |b SAMOS  |e 19941103  |h 515 COR  |p 005300007877  |q 005300007877  |t BK  |y 0 
909 |a Σ  |b 030281